Länder, die nicht zur UNO gehören - Statistiken

Allgemein
  • Dieses Quiz wurde 182 mal gespielt
  • Das Durchschnittsergebnis liegt bei 4 aus 8
Antwortstatistiken
Land % Korrekt
Palästina
66%
Kosovo
65%
Vatikanstadt
63%
Taiwan
61%
Demokratische Arabische Republik Sahara
42%
Südossetien
19%
Türkische Republik Nordzypern
19%
Abchasien
16%
Keine übereinstimmenden Quizze gefunden
Verteilung der Resultate
Anzahl Personen mit jedem Resultat
Perzentil nach korrekt beantworteten Fragen
Ihre Resultats-Entwicklung
Sie haben dieses Quiz noch nicht gespielt